Reciclaje : (Registro nro. 8781)

Detalles MARC
000 -CABECERA
Campo de control 00836nam a22001817a 4500
005 - FECHA Y HORA DE LA ULTIMA TRANSACCION
Campo de control 20141111130818.0
008 - ELEMENTOS DE LONGITUD FIJA—INFORMACION GENERAL
Campo de control 141111b ck ||||| 2010 00| 0 spa d
041 ## - IDIOMA
Código de idioma para texto/pista de sonido o título separado Español
044 ## - PAÍS DE PUBLICACIÓN
País de publicación Colombia
090 ## - CLASIFICACIÓN LOCAL
Colección EA
Consecutivo 00144
245 00 - MENCION DE TITULO
Título Reciclaje :
Parte restante del título Cartilla de Motivación Estudiantil sobre las 3 Opciones Importantes Reducir-Reutilizar-Reciclar
260 ## - PUBLICACION, DISTRIBUCION, ETC. (PIE DE IMPRENTA)
Lugar de publicación, distribución, etc. Casanare :
Nombre del editor, distribuidor, etc. Corporación Autónoma Regional de la Orinoquia-Corporinoquia,
-- Gobernación de Casanare,
Fecha de publicación, distribución, etc. 2010.
300 ## - DESCRIPCION FISICA
Extensión 21 pag.
Otros detalles físicos Il.
Dimensiones 22 cm.
650 #4 - ASIENTO SECUNDARIO DE MATERIA - TERMINO TEMATICO
Término temático o nombre geográfico como elemento de entrada Educación Ambiental
Subdivisión general Basuras y aprovechamiento de basuras
Subdivisión geográfica Casanare (Dpt. Colombia)
650 #4 - ASIENTO SECUNDARIO DE MATERIA - TERMINO TEMATICO
Término temático o nombre geográfico como elemento de entrada Educación Ambiental
Subdivisión general Tratamiento de residuos sólidos
Subdivisión geográfica Casanare (Dpt. Colombia)
650 ## - ASIENTO SECUNDARIO DE MATERIA - TERMINO TEMATICO
Término temático o nombre geográfico como elemento de entrada Educación Ambiental
Subdivisión general Industria del reciclaje
-- Enseñanza
Subdivisión geográfica Casanare (Dpt. Colombia)
942 ## - ELEMENTOS ADICIONALES (KOHA)
Sistema de clasificación Local
Tipo de ítem Libro
Existencias
Withdrawn status Lost status Sistema de Clasificación Damaged status No para préstamo Colección Inventariado Ubicación Permanente Ubicación actual Fecha de adquisición Fuente de Valor Valor Total Checkouts Número topográfico Inventario / Código de Barras Date last seen Ejemplar Price effective from Forma de adquisición Tipo de material
    Local     Educación Ambiental Inventariado 2017 Sala Fabio Quevedo Sala Fabio Quevedo 11/11/2014 Instituto 39000.00   EA-00144 034809 11/11/2014 Ej. 1 11/11/2014   Libro